000 00717nam a2200229Ia 4500
003 OSt
005 20220923220824.0
006 a|||||r|||| 00| 0
007 ta
008 220922b |||||||| |||| 00| 0 hin d
024 _a190,940
037 _cTextual
040 _aARTS
_cARTS
_bhin
041 _2hin
_ahin
082 _aR65:6:9, 152H82
100 _aराय, अनिल वरण
245 0 _aगीतोपदेश
_b गीतारवाणी का हिन्दी अनुवाद
246 _aGītopadesha: gītāravāṇī kā hindī anuvāda
260 _c1948
942 _hR65:6:9, 152H82
_cTEXL
_2CC
999 _c343661
_d343661